Statistics for Types of Natural Disasters

Click here to take the quiz!

General Stats

  • This quiz has been taken 427 times
  • The average score is 11 of 19

Answer Stats

Natural Disaster% Correct
Earthquake
98%
Tsunami
94%
Cyclonic Storm (Hurricane, Typhoon, Sudestada etc.)
92%
Flood
85%
Tornado
80%
Volcanic Eruption
75%
Wildfire (Forest Fire, Bushfire, Grassfire etc.)
66%
Drought
60%
Blizzard
58%
Landslide (Mudflow, Rockslide etc.)
58%
Lightning Strike
55%
Avalanche
50%
Hailstorm
34%
Sinkhole
33%
Heat Wave
32%
Sand Storm
32%
Impact Event (Meterorite, Asteroid Strike etc.)
30%
Solar Flare
16%
Limnic Eruption
3%

Score Distribution

Percentile by Number Answered

Percent of People with Each Score

Your Score History

You have not taken this quiz